LEADER 00892nam0 2200265 450 001 000012520 005 20080609140948.0 100 $a20080609d1969----km-y0itay50------ba 101 0 $aita 102 $aIT 105 $ay-------001yy 200 1 $aRisparmio contrattuale, stabilità e sviluppo economico$fa cura di Giancarlo Mazzocchi ... [et al.] 210 $aMilano$cVita e pensiero$d[1969] 215 $aXI, 145 p.$d24 cm 225 2 $aProblemi economici d'oggi$v10 410 0$12001$aProblemi economici d'oggi 610 1 $aRisparmio contrattuale$aSaggi 676 $a331.2$v16$9Salari, stipendi 676 $a331.2$v17$9Salari, stipendi 702 1$aMazzocchi,$bGiancarlo 801 0$aIT$bUNIPARTHENOPE$c20080609$gRICA$2UNIMARC 912 $a000012520 951 $a113/51$b3871$cNAVA2 996 $aRisparmio contrattuale, stabilità e sviluppo economico$9419633 997 $aUNIPARTHENOPE LEADER 01225nam0 22002891i 450 001 UON00017419 005 20231205102001.859 100 $a20020107d1957 |0itac50 ba 101 $afre 102 $aFR 105 $a|||| 1|||| 200 1 $aˆLes ‰Nomades en Mésopotamie au temps des rois de Mari$fJean-Robert Kupper 210 $aParis$cLes Belles Lettres$d1957 215 $aXXXIII, 282, 20 p.$d25 cm 410 1$1001UON00027016$12001 $aBibliothèque de la Faculté de Philosophie et Lettres de l'Université de Liège$v142 606 $aMESOPOTAMIA$xSTORIA$xMARI$3UONC013904$2FI 606 $aNOMADI E TRIBU'$xMESOPOTAMIA$3UONC014663$2FI 620 $aFR$dParis$3UONL002984 686 $aMES IV$cMESOPOTAMIA - STORIA$2A 700 1$aKUPPER$bJean-Robert$3UONV008066$0623387 712 $aLes Belles Lettres$3UONV245913$4650 801 $aIT$bSOL$c20240220$gRICA 899 $aSIBA - SISTEMA BIBLIOTECARIO DI ATENEO$2UONSI 912 $aUON00017419 950 $aSIBA - SISTEMA BIBLIOTECARIO DI ATENEO$dSI MES IV 035 $eSI SEM1410 5 035 996 $aNomades en Mésopotamie au temps des rois de Mari$91195278 997 $aUNIOR